Life Pre-Intermediate. Teacher's Book . B1

Enregistré dans:
Détails bibliographiques
Auteur principal: Hill, David A.
Format: Livre
Publié: Singapore National Geographic Learning; Cengage Learning 2013
Édition:Vietnam edtion
Sujets:
Tags: Ajouter un tag
Pas de tags, Soyez le premier à ajouter un tag!
Thư viện lưu trữ: Trung tâm Học liệu Lê Vũ Hùng, Trường Đại học Đồng Tháp
LEADER 00943amm a22002778a 4500
001 00043590
005 20190220100213.0
008 170513s ||||||Engsd
020 # # |c 0 
041 0 # |a Eng 
082 1 4 |a 428  |b L300 
100 1 # |a Hill, David A. 
245 1 0 |h Nguồn liệu điện tử  |a Life  |c David A. Hill  |b Pre-Intermediate. Teacher's Book . B1 
250 # # |a Vietnam edtion 
260 # # |c 2013  |b National Geographic Learning; Cengage Learning  |a Singapore 
300 # # |e sách  |a 2 CD  |c 43/4 inch. 
500 # # |a Sách Đề án Ngoại ngữ 2020. B1 
653 # # |a Bài tập 
653 # # |a Ngôn ngữ 
653 # # |a Thực hành 
653 # # |a Tiếng Anh 
653 # # |a Tự học 
653 # # |a Đĩa CD 
852 # # |j DPT.0004096  |j DPT.0004094  |j DPT.0004095  |j DPT.0004097 
910 0 # |e ilib  |f 21/02/2019  |d 20/2/2019 
980 # # |a Trung tâm Học liệu Lê Vũ Hùng, Trường Đại học Đồng Tháp